| 000 | 00830nam a2200217Ii 4500 | ||
|---|---|---|---|
| 003 | JO-AjNU | ||
| 008 | 230605s9999||||xx |||||||||||||| ||und|| | ||
| 017 | _a2009/3056 | ||
| 020 | _a978-977-477-005-0 | ||
| 040 |
_aJO-AjNU _bara _erda _cJO-AjNU |
||
| 041 | _aara | ||
| 050 | 1 | 4 | _aHG4012.5.N34 2010 |
| 100 | 3 |
_a نائب،ابراهيم /م.مشارك: انعام باقية, _eauthor _933794 |
|
| 245 | 0 | 0 | _aتطبيقات حاسوبية في العلوم الادارية |
| 264 | 3 | 1 | _aالقاهرة: الشركة العربية المتحدة للتسويق والتوريدات، 2010 |
| 300 | _a409ص | ||
| 336 |
_atext _btxt _2rdacontent |
||
| 337 |
_aunmediated _bn _2rdamedia |
||
| 338 |
_avolume _bnc _2rdacarrier |
||
| 650 | 4 |
_aالعلوم الادارية- معالجة البيانات إلكترونيا _933795 |
|
| 999 |
_aA13790 _c17358 _d17358 |
||